Mayotte Trivia - Statistics

General Stats
  • This quiz has been taken 286 times
  • The average score is 10 of 20
Answer Stats
Hint Answer % Correct
Mayotte is geographically part of this continent Africa
98%
97% of Mayotte's population follow this religion Islam
88%
Official currency of Mayotte Euro
79%
Mayotte is the ________ region of France both in terms of area and population Smallest
78%
Closest sovereign state to Mayotte Comoros
75%
Mayotte has the highest population _____ of any French overseas territory Density
66%
Mayotte is located in the northern part of this body of water {Mozambique} Channel
61%
The current spelling of Mayotte was first created by explorers from this country Portugal
56%
Type of natural phenomenon that occurred 24 km off the coast of Mayotteof unknown origins in 2018, but no one felt it and it lacked both P and S waves Earthquake
54%
Dzaoudzi is home to the main _______ of Mayotte, with the code DZA Airport
51%
Main island of Mayotte {Grande}-Terre
50%
Bushi, which also is spoken mainly in Mayotte, is a dialect of this major language Malagasy
39%
Another name for the second-largest island, Pamanzi {Petite}-Terre
34%
Mayotte voted in 2009 to become this type of territory within France, in addition to becoming a region Department
30%
Capital of Mayotte Mamoudzou
30%
Title of the last ruler of Mayotte as an independent nation Sultan
29%
Type of marine animal that support the coat of arms of Mayotte Seahorses
21%
Mayotte is divided into 17 of these (hint: starts with C) {Commun}es
19%
Maore, spoken mainly in Mayotte, is a dialect of this official African language Comorian
17%
Word for someone from Mayotte Mahoran
15%
No matching quizzes found
Score Distribution
Percent of People with Each Score
Percentile by Number Answered
Your Score History
You have not taken this quiz